Das Märchen-Quiz - Statistiken

Allgemein
  • Dieses Quiz wurde 1.157 mal gespielt
  • Das Durchschnittsergebnis liegt bei 5 aus 14
Antwortstatistiken
Phrase Märchen % Korrekt
"Geh mit uns nach Bremen, du verstehst dich doch auf die Nachtmusik, da kannst du ein Stadtmusikant werden" Die Bremer Stadtmusikanten
94%
“Meine goldene Kugel ist in den Brunnen gefallen” Der Froschkönig
79%
"Kikeriki, unsere goldene Jungfrau ist wieder hie" Frau Holle
78%
"Der Wind, der Wind, das himmlische Kind" Hänsel und Gretel
63%
“Lass mir ein paar Stiefel machen, dann soll dir bald geholfen sein“ Der gestiefelte Kater
53%
"Ich muss ja wohl, da habe ich einen Klumpen heim zu tragen, es ist zwar gold, ..." Hans im Glück
41%
"Indes stieg der Geruch von dem süßen Mus hinauf an die Wand, wo die Fliegen in großer Menge saßen" Das tapfere Schneiderlein
38%
"Ich wollte, dass die Jungen alle zu Raben würden" Die sieben Raben
19%
"Wem gehört die schöne grüne Wiese?" "Sie gehört dem ----; Hättst du'n genommen, so wär sie dein" König Drosselbart
17%
"Töpfchen, koche" "Töpfchen, steh" Der süße Brei
13%
"Gib mir doch ein Stück von deinem Kuchen aus deiner Tasche und lass mich einen Schluck von deinem Wein trinken! Ich bin so hungrig und durstig" Die goldene Gans
11%
"Mein Vöglein mit dem Ringlein rot, singt Leide, Leide, Leide:es singt dem Täubelein seinen Tod, singt Leide, Lei - zicküth, zicküth, zicküth" Jorinde und Joringel
6%
"Mir hat geträumt, in einem Königreiche ständ ein Obstbaum, der hätte sonst goldene Äpfel getragen und wollte jetzt nicht einmal Laub treiben. Was war wohl die Ursache davon?" Der Teufel mit den drei goldenen Haaren
5%
"Mandje! Mandje! Timpe te Butje! Butje! in der See" Von dem Fischer und seiner Frau
3%
Keine übereinstimmenden Quizze gefunden
Verteilung der Resultate
Anzahl Personen mit jedem Resultat
Perzentil nach korrekt beantworteten Fragen
Ihre Resultats-Entwicklung
Sie haben dieses Quiz noch nicht gespielt